Missing Word: Religion Misconceptions Quiz Stats

 Plays Quiz Updated Mar 16, 2018

Challenge
Share
Tweet
Embed
Score 0/18 Timer 08:00
0 Plays Today
Misconception Missing Word % Correct
The Bible tells that Christmas is Jesus Christ's ________.birthday
97.6%
Eve's forbidden fruit was an _____.apple
96.9%
Roman mythology is the same as _____ mythology.Greek
95.7%
All Rastafarians smoke _________.marijuana
95.2%
Mormons typically take multiple _____.wives
93.4%
Buddha is portrayed as a _____ laughing man.chubby
91.7%
The Star of David has always been a ______ symbol.Jewish
91.3%
_____ magi came to visit baby Jesus.Three
91.2%
Most _______ live in the Middle East.Muslims
89.7%
Misconception Missing Word % Correct
Agnosticism is the same as _______. atheism
88.9%
The Catholic ____ is infallible.Pope
88.9%
Cows are worshiped by ______.Hindus
86.7%
The word 'jihad' translates to 'holy ___'.war
84.9%
The god in Buddhism is ______.Buddha
84.4%
Wiccans worship _____.Satan
79.7%
There are millions of _______ in Hinduism.deities
79.6%
All electronics are boycotted by the _____.Amish
76.8%
In ancient Egypt, ____ were guardians of the underworld.cats
61.6%

Today's Daily Dose

You're not logged in!

Compare scores with friends on all Sporcle quizzes.
OR
Log In

You Might Also Like...

Show Comments

Extras

Top Quizzes Today


Score Distribution

Your Account Isn't Verified!

In order to create a playlist on Sporcle, you need to verify the email address you used during registration. Go to your Sporcle Settings to finish the process.

Report this User

Report this user for behavior that violates our Community Guidelines.

Details: